[Event "HZ Chess Tournament 2022"]
[Site "Vlissingen, Netherlands"]
[Date "2022.08.08"]
[Round "4.1"]
[White "Ponomariov, Ruslan"]
[Black "Vrolijk, Liam"]
[Result "1/2-1/2"]
[WhiteElo "2642"]
[BlackElo "2464"]
[PlyCount "58"]

1. Nf3 d5 2. g3 Nf6 3. Bg2 c5 4. O-O g6 5. c4 Bg7 6. Qa4+ Nbd7 7. cxd5 Nxd5 8.
Nc3 Nxc3 9. dxc3 O-O 10. Be3 Qc7 11. Rfd1 b5 12. Qe4 Nb6 13. Bf4 Bb7 14. Qxg6
hxg6 15. Bxc7 Na4 16. Be5 Rad8 17. Bxg7 Kxg7 18. Rdc1 Bxf3 19. Bxf3 Nxb2 20. a4
Nxa4 21. c4 a6 22. cxb5 axb5 23. Bc6 Rb8 24. Bxb5 Rxb5 25. Rxa4 Rd8 26. Ra7 Kf6
27. Rc7 Rd2 28. R7xc5 Rxc5 29. Rxc5 Rxe2 1/2-1/2

[Event "HZ Chess Tournament 2022"]
[Site "Vlissingen, Netherlands"]
[Date "2022.08.08"]
[Round "4.2"]
[White "Dhulipalla Bala Chandra Pr"]
[Black "Van den Doel, Erik"]
[Result "0-1"]
[WhiteElo "2431"]
[BlackElo "2591"]
[PlyCount "106"]

1. d4 d5 2. c4 c6 3. Nf3 Nf6 4. g3 Bf5 5. Nc3 e6 6. Qb3 Qb6 7. c5 Qc7 8. Bf4
Qc8 9. Nh4 Be4 10. f3 Bg6 11. e4 Be7 12. Nxg6 hxg6 13. Bg2 Nbd7 14. exd5 exd5
15. O-O Nf8 16. Rfe1 Ne6 17. Be3 Qc7 18. Qc2 a5 19. Re2 b6 20. cxb6 Qxb6 21.
Na4 Qb5 22. a3 g5 23. Bf2 Kf8 24. Rae1 Re8 25. Bf1 Qb7 26. Bg2 Bd6 27. Nc5 Bxc5
28. dxc5 Rb8 29. Qc3 a4 30. Bd4 Nxd4 31. Qxd4 Qb3 32. Qe5 Kg8 33. Qxg5 d4 34.
Qd2 d3 35. Re3 Qxb2 36. Qxd3 Rh5 37. Qc4 Rd5 38. f4 Rd2 39. Bxc6 Rxh2 40. R1e2
Rxe2 41. Rxe2 Qxa3 42. Kh2 Rb3 43. Rg2 Rc3 44. Qxa4 Qxc5 45. Bf3 Qe3 46. Be2 g6
47. Qa5 Rc5 48. Qa8+ Kg7 49. Qa1 Rc8 50. Bg4 Rh8+ 51. Bh3 Qf3 52. Qe5 Rh5 53.
Qe2 Ng4+ 0-1

[Event "HZ Chess Tournament 2022"]
[Site "Vlissingen, Netherlands"]
[Date "2022.08.08"]
[Round "4.3"]
[White "Royal, Shreyas"]
[Black "Harsha Bharathakoti"]
[Result "1-0"]
[WhiteElo "2375"]
[BlackElo "2557"]
[PlyCount "49"]

1. d4 d5 2. c4 e6 3. Nf3 a6 4. g3 dxc4 5. Bg2 Nc6 6. e3 e5 7. O-O exd4 8. exd4
Nf6 9. Nc3 Be7 10. Ne5 O-O 11. Bxc6 bxc6 12. Nxc6 Qd6 13. d5 Bb7 14. Bf4 Qd7
15. Nxe7+ Qxe7 16. Qd4 Qd7 17. Rad1 c6 18. Be5 Ng4 19. Bxg7 c5 20. Qf4 Kxg7 21.
h3 h5 22. Ne4 Rfe8 23. hxg4 Qxg4 24. Qf6+ Kg8 25. Nd6 1-0

[Event "HZ Chess Tournament 2022"]
[Site "Vlissingen, Netherlands"]
[Date "2022.08.08"]
[Round "4.4"]
[White "Lalith Babu M R"]
[Black "Pham, Khoi"]
[Result "1-0"]
[WhiteElo "2549"]
[BlackElo "2376"]
[PlyCount "67"]

1. Nf3 d5 2. d4 Nf6 3. Bf4 c5 4. e3 Nc6 5. Nbd2 Qb6 6. dxc5 Qxb2 7. Be2 g6 8.
O-O Bg7 9. Rb1 Qc3 10. Nd4 O-O 11. Nb5 Qa5 12. Bc7 Qa4 13. Nc3 Qh4 14. Nf3 Qh5
15. Nd4 Qh6 16. Bf4 g5 17. Bg3 e5 18. Nxc6 bxc6 19. Bxe5 Ng4 20. Bd6 Nxh2 21.
Nxd5 Nxf1 22. Bxf1 Be6 23. Bxf8 Bxf8 24. Nc7 Rc8 25. Nxe6 Qxe6 26. Rb7 Bxc5 27.
Qh5 Qg6 28. Qg4 Rd8 29. Bd3 Qf6 30. Qe4 Qg7 31. g3 h5 32. Qxc6 Qe5 33. Qf3 Qd5
34. Qxh5 1-0

[Event "HZ Chess Tournament 2022"]
[Site "Vlissingen, Netherlands"]
[Date "2022.08.08"]
[Round "4.5"]
[White "Sorbe, Stephane"]
[Black "Beerdsen, Thomas"]
[Result "1/2-1/2"]
[WhiteElo "2353"]
[BlackElo "2513"]
[PlyCount "160"]

1. d4 Nf6 2. Nf3 e6 3. Bg5 h6 4. Bh4 c5 5. e3 cxd4 6. exd4 Qb6 7. Bxf6 gxf6 8.
Nbd2 d5 9. Bd3 Nc6 10. O-O Bd7 11. c4 O-O-O 12. cxd5 exd5 13. Nb3 Kb8 14. Rc1
Bd6 15. Re1 Rhg8 16. a3 Ka8 17. Rc3 Bg4 18. Bf1 Qc7 19. g3 f5 20. Qd2 f4 21.
Bg2 Qb6 22. Nh4 Be6 23. Nc5 fxg3 24. hxg3 Rg4 25. Nxe6 fxe6 26. Rxe6 Rxd4 27.
Qe2 Rxh4 28. Rxd6 Rxd6 29. gxh4 a6 30. Rg3 Ka7 31. b4 Nd4 32. Qd3 Rc6 33. Bxd5
Rc3 34. Qxc3 Ne2+ 35. Kg2 Nxc3 36. Rxc3 Qd4 37. Rc5 Qxh4 38. Bf3 Qe7 39. Rd5
Qg7+ 40. Kh2 Qc3 41. Kg2 Qxa3 42. b5 Qe7 43. bxa6 Kxa6 44. Kf1 Qe6 45. Be2+ Ka7
46. Rh5 Qc6 47. f4 Qc1+ 48. Kf2 Qxf4+ 49. Ke1 Kb6 50. Rb5+ Kc6 51. Rh5 Qe3 52.
Kf1 b6 53. Ke1 Kd6 54. Kd1 Qg1+ 55. Kd2 Kc6 56. Bb5+ Kc7 57. Be2 Qa1 58. Rb5
Kc6 59. Rh5 Qg7 60. Bb5+ Kd6 61. Be2 Ke6 62. Ke1 Kf6 63. Kf2 Kg6 64. Rb5 Qd4+
65. Ke1 Qe3 66. Kd1 Qc3 67. Bh5+ Kf6 68. Be2 Kg6 69. Bh5+ Kg7 70. Be2 Kf6 71.
Rh5 Ke6 72. Rb5 Kd7 73. Rh5 Kd6 74. Rb5 Kc6 75. Rh5 Kb7 76. Rb5 Qa1+ 77. Kd2
Qa2+ 78. Ke1 Qa1+ 79. Kd2 Qa2+ 80. Ke1 Qa5+ 1/2-1/2

[Event "HZ Chess Tournament 2022"]
[Site "Vlissingen, Netherlands"]
[Date "2022.08.08"]
[Round "4.6"]
[White "Schoppen, Casper"]
[Black "Klepke, Ricardo"]
[Result "1/2-1/2"]
[WhiteElo "2507"]
[BlackElo "2293"]
[PlyCount "144"]

1. d4 c5 2. d5 e5 3. e4 d6 4. Nc3 Be7 5. Bb5+ Nd7 6. f4 exf4 7. Bxf4 Ngf6 8.
Nf3 O-O 9. O-O a6 10. Bxd7 Nxd7 11. a4 b6 12. Qe1 f6 13. Qg3 Ne5 14. Nh4 Kh8
15. Nf5 Rf7 16. h4 Bf8 17. h5 Bd7 18. Nd1 Be8 19. Nde3 b5 20. axb5 axb5 21.
Rxa8 Qxa8 22. h6 g6 23. Ng7 Kg8 24. Ne6 Bd7 25. Nf5 Qc8 26. Nxf8 Qxf8 27. Ra1
Bxf5 28. exf5 g5 29. Bxe5 dxe5 30. Ra6 Qxh6 31. Qg4 Kg7 32. g3 Kg8 33. d6 Rd7
34. Ra8+ Kg7 35. Ra6 Kg8 36. Ra8+ Kg7 37. Qf3 Qh3 38. Ra6 e4 39. Qxe4 Qxg3+ 40.
Kf1 Qe5 41. Qxe5 fxe5 42. Rc6 Kf6 43. Rxc5 Rxd6 44. Rxb5 Kxf5 45. c4 Ke4 46. b4
g4 47. Rb7 h5 48. c5 Rd1+ 49. Kf2 Rc1 50. Rh7 Rc2+ 51. Kg3 Rc3+ 52. Kg2 Rc4 53.
Rxh5 Rxb4 54. Rh6 Rc4 55. c6 Kf4 56. Rf6+ Kg5 57. Rd6 Rc2+ 58. Kg3 Rc3+ 59. Kf2
e4 60. Kg2 Kf5 61. Rh6 Kf4 62. Rf6+ Ke3 63. Kg3 Kd2+ 64. Kxg4 e3 65. Rd6+ Ke1
66. Kf3 e2+ 67. Kg2 Rc5 68. Kg1 Rg5+ 69. Kh2 Kf2 70. Rf6+ Ke3 71. Re6+ Kf2 72.
Rf6+ Ke3 1/2-1/2

[Event "HZ Chess Tournament 2022"]
[Site "Vlissingen, Netherlands"]
[Date "2022.08.08"]
[Round "4.7"]
[White "Matsumura, Cocoro"]
[Black "Ikonnikov, Vyacheslav"]
[Result "0-1"]
[WhiteElo "2148"]
[BlackElo "2493"]
[PlyCount "98"]

1. e4 c5 2. Nf3 Nc6 3. Bb5 g6 4. O-O Bg7 5. d3 Nf6 6. Nc3 Nd4 7. e5 Ng4 8. Nxd4
cxd4 9. Qxg4 dxc3 10. Qe4 Qb6 11. a4 a6 12. Be3 Qe6 13. Bc4 Qxe5 14. Qxe5 Bxe5
15. b4 d6 16. Bd5 e6 17. Bf3 Bf6 18. Ra3 Bd7 19. Bxb7 Rb8 20. Bxa6 Rxb4 21. Bb5
Ke7 22. Raa1 Rb2 23. Rfc1 Ra8 24. Kf1 Bxb5 25. axb5 Rxa1 26. Rxa1 Rxb5 27. Ra7+
Kf8 28. Bh6+ Ke8 29. Ra8+ Kd7 30. Ra7+ Kc6 31. Rxf7 Bd4 32. Ke2 g5 33. Rxh7 Rb2
34. Rf7 Rxc2+ 35. Ke1 Rc1+ 36. Ke2 Rg1 37. Bxg5 c2 38. Rf8 Kd5 39. Rc8 Bc5 40.
h4 c1=Q 41. Bxc1 Rxc1 42. f4 Rc2+ 43. Kf3 Rd2 44. h5 Rxd3+ 45. Kg4 Bf2 46. h6
Rg3+ 47. Kh5 Rxg2 48. Rc2 Ke4 49. h7 Kf5 0-1

[Event "HZ Chess Tournament 2022"]
[Site "Vlissingen, Netherlands"]
[Date "2022.08.08"]
[Round "4.8"]
[White "Santiago, Yago De Moura"]
[Black "Zwirs, Jasper"]
[Result "1-0"]
[WhiteElo "2490"]
[BlackElo "2105"]
[PlyCount "157"]

1. d4 d5 2. c4 e6 3. Nf3 Nf6 4. Nc3 c6 5. g3 dxc4 6. Bg2 b5 7. Ne5 a6 8. O-O
Bb7 9. b3 cxb3 10. Qxb3 Be7 11. Rd1 O-O 12. a4 b4 13. Ne4 Nxe4 14. Bxe4 a5 15.
Bf4 Nd7 16. Bxc6 Bxc6 17. Nxc6 Qe8 18. e4 Nf6 19. Qc2 b3 20. Nxe7+ Qxe7 21.
Qxb3 Nxe4 22. Re1 Nf6 23. d5 Rfe8 24. dxe6 fxe6 25. Qb5 Nd5 26. Be5 Qb4 27.
Rab1 Qg4 28. Qc6 Nb4 29. Qb5 Nd5 30. Qb7 Qg6 31. Rb5 Qf7 32. Qxf7+ Kxf7 33. Rc1
Re7 34. Rcc5 Rea7 35. Bd4 Nc7 36. Rb6 Nd5 37. Rd6 Rb7 38. Rcc6 Re8 39. Bc5 Rb1+
40. Kg2 Rb7 41. Ra6 Nc3 42. Rd4 Rc8 43. Rxa5 Nd5 44. Rd3 Ke8 45. Rf3 Rf7 46.
Rxf7 Kxf7 47. Bd4 Rc7 48. Ra7 Rxa7 49. Bxa7 Ke7 50. Bd4 g6 51. Kf3 Kd6 52. Ke4
Nb4 53. Bb2 Nc6 54. Kf4 Kd5 55. Kg5 Ke4 56. Ba3 Ne5 57. a5 Kd5 58. a6 Kc6 59.
a7 Kb7 60. Bc5 Nf3+ 61. Kh6 Nxh2 62. Kxh7 g5 63. Kg6 g4 64. Kf6 Ka8 65. Kxe6
Nf3 66. Kf5 Nh2 67. Kg5 Kb7 68. Kh4 Ka8 69. Be3 Kb7 70. Bb6 Ka8 71. f4 gxf3 72.
Kh3 Nf1 73. g4 Nd2 74. Kg3 Nc4 75. Bd4 Nd2 76. Kf4 Nc4 77. g5 Nd6 78. g6 Nc8
79. Kxf3 1-0

[Event "HZ Chess Tournament 2022"]
[Site "Vlissingen, Netherlands"]
[Date "2022.08.08"]
[Round "4.9"]
[White "Baklan, Vladimir"]
[Black "Koffeman, Timo"]
[Result "1-0"]
[WhiteElo "2582"]
[BlackElo "2119"]
[PlyCount "85"]

1. e4 c5 2. Nf3 e6 3. d4 cxd4 4. Nxd4 Nf6 5. Nc3 Nc6 6. g3 Bb4 7. Bg2 O-O 8.
O-O d6 9. h3 a6 10. Nxc6 bxc6 11. Na4 d5 12. e5 Nd7 13. Qg4 Qe7 14. a3 Ba5 15.
Bg5 f6 16. exf6 Nxf6 17. Qe2 e5 18. c4 e4 19. Rac1 h6 20. Be3 Bc7 21. cxd5 cxd5
22. Nb6 Bxb6 23. Bxb6 Re8 24. Qe3 a5 25. Rc7 Qe6 26. Rfc1 Bd7 27. Bd4 Rad8 28.
b3 Qd6 29. a4 Nh7 30. h4 Nf8 31. Bh3 Ne6 32. Bxe6+ Qxe6 33. Qc3 Re7 34. Qxa5
Rf8 35. Qb6 Qg4 36. Qd6 Ref7 37. Qxd5 Be6 38. Qe5 Bxb3 39. a5 Qg6 40. h5 Qg4
41. a6 e3 42. Bxe3 Rf5 43. Qd4 1-0

[Event "HZ Chess Tournament 2022"]
[Site "Vlissingen, Netherlands"]
[Date "2022.08.08"]
[Round "4.25"]
[White "Hoffman, Ron"]
[Black "Nieuwelink, Kees"]
[Result "0-1"]
[WhiteElo "1999"]
[BlackElo "2200"]
[PlyCount "158"]

1. d4 f5 2. Bf4 Nf6 3. e3 e6 4. Nf3 b6 5. Be2 Bb7 6. O-O Be7 7. h3 O-O 8. c4 d6
9. Nc3 Qe8 10. Ng5 Bd8 11. Bf3 d5 12. Be2 Ne4 13. Ngxe4 dxe4 14. f3 Nd7 15.
fxe4 fxe4 16. Qe1 e5 17. dxe5 Nxe5 18. Qg3 Bf6 19. Nd5 Bxd5 20. cxd5 Qe7 21.
Rac1 Kh8 22. Qe1 Rad8 23. Qd2 c5 24. Qc2 Nf7 25. Rcd1 Nd6 26. Bxd6 Qxd6 27.
Qxe4 Rfe8 28. Qf5 Re5 29. Qf3 Rde8 30. Qg3 Qd8 31. Bb5 Rxe3 32. Rf3 Rxf3 33.
Qxf3 Rf8 34. Kh1 Bxb2 35. Qh5 g6 36. Qe2 Bd4 37. Qe6 Rf6 38. Qe4 Qd6 39. Re1
Qg3 40. Qe8+ Kg7 41. Re7+ Kh6 42. Re4 Rf5 43. Qe7 Rxd5 44. Qf7 Bg7 45. Qf1 Re5
46. Qc1+ g5 47. Re2 Rxe2 48. Bxe2 Be5 49. Kg1 Bd4+ 50. Kh1 Qe3 51. Qf1 Kg7 52.
Bc4 Qf2 53. Qb1 Kf6 54. Ba6 Bc3 55. Bf1 Bd4 56. Ba6 Ke5 57. Bb7 Qe3 58. Ba6 Qf2
59. Bb7 Kf6 60. Ba6 h5 61. Bc4 g4 62. Qc1 Qe3 63. Qf1+ Ke5 64. Bd3 Qf2 65. Qc1
Be3 66. Qc3+ Kf4 67. Qf6+ Kg3 68. Qe5+ Bf4 69. Qe4 Qe3 70. Qxe3+ Bxe3 71. hxg4
hxg4 72. a4 Kf2 73. Bf5 g3 74. Bd3 Ke1 75. Ba6 Kd2 76. a5 Kc3 77. axb6 axb6 78.
Bb5 Kb4 79. Ba6 Bf4 0-1

[Event "HZ Chess Tournament 2022"]
[Site "Vlissingen, Netherlands"]
[Date "2022.08.08"]
[Round "4.26"]
[White "Van der Kaap, Jos"]
[Black "Gorny, Michael"]
[Result "1-0"]
[WhiteElo "2187"]
[BlackElo "1962"]
[PlyCount "127"]

1. e4 c5 2. Nf3 d6 3. d4 cxd4 4. Nxd4 Nf6 5. f3 e5 6. Nb3 Be7 7. c4 O-O 8. Nc3
Be6 9. Be3 a6 10. Qd2 Nbd7 11. Be2 Rc8 12. Nd5 Bxd5 13. cxd5 Nh5 14. O-O h6 15.
g3 Qc7 16. Na5 Bd8 17. b4 Qb8 18. Rfc1 Bb6 19. Bf1 Nhf6 20. Bh3 Rxc1+ 21. Rxc1
Bxe3+ 22. Qxe3 Rc8 23. Rc3 Kh7 24. Qc1 Rxc3 25. Qxc3 Qa7+ 26. Kf1 Qb6 27. a4 g6
28. Nb3 Kg7 29. a5 Qb5+ 30. Kf2 Qa4 31. Bf1 Qa3 32. Ke3 Kf8 33. Kd2 Ke7 34. Nc1
Qxc3+ 35. Kxc3 Kd8 36. Nb3 Ne8 37. Bd3 Nc7 38. Nd2 Ke7 39. Nf1 h5 40. Ne3 Kf6
41. h4 Ke7 42. Kd2 Ke8 43. Ke2 Ke7 44. g4 Nf6 45. Kf2 Kf8 46. Kg3 Ke7 47. Kh3
Kf8 48. Nf1 Kg7 49. Ng3 hxg4+ 50. fxg4 Nfxd5 51. exd5 Nxd5 52. Be4 Nf4+ 53. Kh2
d5 54. Bf3 Kf6 55. Ne2 Nxe2 56. Bxe2 e4 57. Kg3 Ke5 58. h5 gxh5 59. gxh5 Kf5
60. Bg4+ Kg5 61. h6 Kxh6 62. Kf4 e3 63. Kxe3 Kg5 64. Bc8 1-0

[Event "HZ Chess Tournament 2022"]
[Site "Vlissingen, Netherlands"]
[Date "2022.08.08"]
[Round "4.27"]
[White "Kalisvaart, Peter"]
[Black "Baarslag, Ed"]
[Result "1/2-1/2"]
[WhiteElo "1979"]
[BlackElo "2172"]
[PlyCount "109"]

1. d4 d5 2. c4 e6 3. Nc3 Nf6 4. Bg5 dxc4 5. e3 c5 6. dxc5 Qxd1+ 7. Rxd1 Bxc5 8.
Bxc4 a6 9. Nf3 Bb4 10. O-O Bxc3 11. bxc3 Nc6 12. Bxf6 gxf6 13. Rd6 Bd7 14. Rfd1
Rd8 15. Bb3 Ke7 16. Ba4 Be8 17. Rxd8 Nxd8 18. Bxe8 Rxe8 19. Nd4 Rg8 20. h4 Rg4
21. g3 Re4 22. Kf1 Re5 23. Nb3 Rb5 24. Rd4 Nc6 25. Ra4 f5 26. Ke2 Kd6 27. f4
Kc7 28. Kf3 Rd5 29. Ke2 Rd6 30. c4 Rd8 31. c5 Rd5 32. e4 fxe4 33. Rxe4 h5 34.
Rc4 Rd8 35. Ke3 Rd1 36. Rc1 Rd8 37. f5 e5 38. Nd2 Nd4 39. Ke4 Ne2 40. Rc2 f6
41. Nf1 Nd4 42. Rb2 Nb5 43. Rd2 Rg8 44. Kd5 Kd7 45. a4 Nc7+ 46. Kc4+ Ke7 47.
Rb2 Rg4+ 48. Kd3 Rd4+ 49. Ke2 Rxa4 50. Rxb7 Kd7 51. Rb6 Ke7 52. Ne3 Ra2+ 53.
Kf3 Ra3 54. Ke4 Ra4+ 55. Kf3 1/2-1/2

[Event "HZ Chess Tournament 2022"]
[Site "Vlissingen, Netherlands"]
[Date "2022.08.08"]
[Round "4.28"]
[White "Duchene, Rene"]
[Black "Zuiderwijk, Rens"]
[Result "1-0"]
[WhiteElo "2170"]
[BlackElo "1945"]
[PlyCount "39"]

1. Nf3 Nf6 2. c4 c5 3. g3 g6 4. Bg2 Bg7 5. Nc3 Nc6 6. O-O d5 7. d4 cxd4 8. Nxd4
Nxd4 9. Qxd4 dxc4 10. Qxd8+ Kxd8 11. Rd1+ Nd7 12. Nb5 a6 13. Na3 e5 14. Nxc4
Ke7 15. b3 Rb8 16. Ba3+ Kf6 17. Rd6+ Kg5 18. Bc1+ Kg4 19. h3+ Kh5 20. Bf3# 1-0

[Event "HZ Chess Tournament 2022"]
[Site "Vlissingen, Netherlands"]
[Date "2022.08.08"]
[Round "4.29"]
[White "Reichardt, Gert"]
[Black "Wilgenhof, Otto"]
[Result "0-1"]
[WhiteElo "1979"]
[BlackElo "2170"]
[PlyCount "136"]

1. e4 e6 2. d4 d5 3. exd5 exd5 4. Nf3 Bd6 5. Bd3 h6 6. Be3 Qf6 7. Nc3 c6 8. O-O
Ne7 9. Ne2 Bg4 10. Ng3 Nd7 11. Be2 O-O-O 12. c3 Rde8 13. Qa4 Bxg3 14. hxg3 Nf5
15. Rae1 Nxe3 16. fxe3 Qe7 17. Bd3 Bxf3 18. gxf3 Qg5 19. Kf2 h5 20. f4 Qg4 21.
Qd1 Nf6 22. Qc2 g6 23. Be2 Qe6 24. Bf3 h4 25. gxh4 Rxh4 26. Rg1 Rh2+ 27. Rg2
Qh3 28. Reg1 Qh4+ 29. Ke2 Qxf4 30. Qd3 Rh3 31. Rf1 Kb8 32. Kd2 Qh6 33. Re2 Rh2
34. Rxh2 Qxh2+ 35. Qe2 Qh6 36. Rh1 Qg5 37. Qh2+ Kc8 38. Qf2 Qf5 39. Rf1 Re7 40.
Bg2 Qxf2+ 41. Rxf2 Ne8 42. Bf1 Nd6 43. Bd3 f5 44. Rg2 Rg7 45. Rg5 Kd7 46. Ke2
Ke6 47. Rg2 Kf6 48. Rh2 g5 49. Rh6+ Ke7 50. Kf2 Nf7 51. Rh5 Kf6 52. Kg2 Kg6 53.
Rh1 Nd6 54. Rh8 g4 55. Rd8 Nf7 56. Rd7 Nh6 57. Rxg7+ Kxg7 58. Kg3 Kg6 59. Kf4
Kh5 60. Kg3 Kg5 61. a4 Ng8 62. c4 Nf6 63. b3 a5 64. cxd5 cxd5 65. Bb5 Ne4+ 66.
Kg2 f4 67. exf4+ Kxf4 68. Bd7 Nf6 0-1

[Event "HZ Chess Tournament 2022"]
[Site "Vlissingen, Netherlands"]
[Date "2022.08.08"]
[Round "4.30"]
[White "Zevenhuizen, Daniel"]
[Black "Omota, Vlad"]
[Result "1-0"]
[WhiteElo "2168"]
[BlackElo "1933"]
[PlyCount "53"]

1. e4 e6 2. d3 d5 3. Qe2 d4 4. Nf3 c5 5. Nbd2 Nc6 6. e5 Qc7 7. a4 Nge7 8. g3
Ng6 9. Nc4 b6 10. Bg2 Bb7 11. O-O a6 12. Re1 h6 13. h4 Be7 14. h5 Nf8 15. c3
dxc3 16. bxc3 b5 17. Nd6+ Bxd6 18. exd6 Qxd6 19. Bf4 Qe7 20. axb5 axb5 21.
Rxa8+ Bxa8 22. Ra1 Bb7 23. Ne5 Nxe5 24. Ra7 Ned7 25. Bxb7 f5 26. Bc6 Kf7 27. d4
1-0

[Event "HZ Chess Tournament 2022"]
[Site "Vlissingen, Netherlands"]
[Date "2022.08.08"]
[Round "4.31"]
[White "Tiggelman, Rene"]
[Black "Aravindhan, Achyuth"]
[Result "1/2-1/2"]
[WhiteElo "2165"]
[BlackElo "1925"]
[PlyCount "95"]

1. Nf3 Nf6 2. c4 g6 3. g3 Bg7 4. Bg2 O-O 5. O-O d6 6. Nc3 Nc6 7. Rb1 a5 8. a3
e5 9. d3 Ne8 10. b4 axb4 11. axb4 f5 12. Qb3 h6 13. Bd2 Nf6 14. b5 Ne7 15. Ra1
Rxa1 16. Rxa1 Qe8 17. c5+ Qf7 18. Qxf7+ Kxf7 19. Ra7 e4 20. cxd6 cxd6 21. Ne1
d5 22. Na4 Ne8 23. Bb4 Nc7 24. Ra5 Rd8 25. Nc2 Bf6 26. Bc5 Be6 27. Nd4 Rc8 28.
Nb6 Rd8 29. Bf1 Nc8 30. Nxc8 Bxc8 31. Bb6 Re8 32. Bxc7 Bxd4 33. e3 exd3 34.
Bxd3 Bc3 35. Ra3 d4 36. Bb6 Bb4 37. Bc4+ Be6 38. Bxe6+ Rxe6 39. Rb3 Rxb6 40.
Rxb4 dxe3 41. fxe3 Ke6 42. e4 fxe4 43. Rxe4+ Kd5 44. Rh4 h5 45. g4 hxg4 46.
Rxg4 Kc5 47. Rg5+ Kb4 48. Kf2 1/2-1/2

[Event "HZ Chess Tournament 2022"]
[Site "Vlissingen, Netherlands"]
[Date "2022.08.08"]
[Round "4.32"]
[White "Wiewesiek, Timo"]
[Black "Bui, Bao Anh Le"]
[Result "0-1"]
[WhiteElo "1976"]
[BlackElo "2159"]
[PlyCount "86"]

1. e4 c5 2. Nc3 Nc6 3. Bb5 Nd4 4. Bc4 e6 5. Nge2 Nf6 6. O-O b5 7. Nxd4 bxc4 8.
Nf3 Be7 9. d4 cxd3 10. Qxd3 Qb6 11. a4 Ba6 12. Nb5 Qc6 13. Ne5 Bxb5 14. axb5
Qxe4 15. Nxd7 Qxd3 16. Nxf6+ Bxf6 17. cxd3 Kd7 18. Be3 Rhb8 19. Bxc5 Rxb5 20.
Rxa7+ Rxa7 21. Bxa7 Rxb2 22. Be3 Kd6 23. g3 Rb3 24. Rd1 g5 25. g4 Bd8 26. Kg2
f5 27. Kf3 f4 28. Ba7 Kd5 29. h4 h6 30. hxg5 hxg5 31. Ke2 Ra3 32. Bb8 Bb6 33.
Rb1 Ra2+ 34. Kd1 Bxf2 35. Rb5+ Kd4 36. Be5+ Kxd3 37. Rb3+ Ke4 38. Bf6 Bh4 39.
Rb5 f3 40. Rb4+ Ke3 41. Rb3+ Kf2 42. Bxg5 Ra1+ 43. Bc1 Bg5 0-1

[Event "HZ Chess Tournament 2022"]
[Site "Vlissingen, Netherlands"]
[Date "2022.08.08"]
[Round "4.33"]
[White "Oosting, Robert"]
[Black "Boelhouwer, Collin"]
[Result "1/2-1/2"]
[WhiteElo "1949"]
[BlackElo "2151"]
[PlyCount "60"]

1. e4 c5 2. Nf3 e6 3. d4 cxd4 4. Nxd4 Nc6 5. Nc3 Qc7 6. a3 Nf6 7. Be2 a6 8. Be3
Be7 9. f4 d6 10. O-O O-O 11. Qe1 Re8 12. Qg3 Bd7 13. Rae1 Bf8 14. Kh1 Kh8 15.
e5 Nd5 16. Nxd5 exd5 17. exd6 Qxd6 18. Bd3 Qf6 19. c3 Bc5 20. Nxc6 Qxc6 21.
Bxc5 Qxc5 22. Rxe8+ Rxe8 23. Re1 Qc8 24. Qh4 h6 25. Re7 Qd8 26. Rxe8+ Qxe8 27.
Qf2 Bb5 28. Bxb5 Qxb5 29. g3 Qd3 30. Kg2 Kg8 1/2-1/2

[Event "HZ Chess Tournament 2022"]
[Site "Vlissingen, Netherlands"]
[Date "2022.08.08"]
[Round "4.34"]
[White "Kools, Thomas"]
[Black "Groen, Jari"]
[Result "1-0"]
[WhiteElo "2135"]
[BlackElo "1800"]
[PlyCount "47"]

1. e4 c5 2. Nc3 d6 3. g3 Nc6 4. Bg2 g6 5. d3 Bg7 6. f4 e6 7. Nf3 Nge7 8. O-O
O-O 9. Be3 Rb8 10. Nh4 f5 11. exf5 exf5 12. Nf3 Nd4 13. Bf2 Nec6 14. Re1 b5 15.
Nxd4 Nxd4 16. Nd5 Re8 17. Rxe8+ Qxe8 18. c3 Nc6 19. Qb3 Kh8 20. Re1 Qf7 21. Nf6
c4 22. dxc4 Na5 23. Qb4 bxc4 24. Qxb8 1-0

[Event "HZ Chess Tournament 2022"]
[Site "Vlissingen, Netherlands"]
[Date "2022.08.08"]
[Round "4.35"]
[White "Saketh, Pedagandham"]
[Black "Van der Hagen, Loek"]
[Result "0-1"]
[WhiteElo "1947"]
[BlackElo "2135"]
[PlyCount "114"]

1. e4 e6 2. d4 d5 3. e5 c5 4. c3 Nc6 5. Nf3 Qb6 6. Bd3 Bd7 7. O-O cxd4 8. Re1
Nge7 9. Bc2 dxc3 10. Nxc3 Ng6 11. h4 Be7 12. g3 f6 13. exf6 gxf6 14. Bf5 Nf8
15. Bh6 O-O-O 16. Rc1 Kb8 17. Bf4+ Ka8 18. Bd3 Be8 19. Na4 Qa5 20. a3 e5 21.
Bd2 Qc7 22. b4 a6 23. b5 axb5 24. Bxb5 Ne6 25. Qb3 e4 26. Be3 d4 27. Qxe6 dxe3
28. Rxe3 exf3 29. Bxc6 Bxc6 30. Nc5 Bxc5 31. Rxc5 Qd6 32. Qf5 Rhe8 33. Rxe8
Rxe8 34. Kh2 Kb8 35. Rc4 Re2 36. Rc2 Rxc2 37. Qxc2 Qxa3 38. g4 Qd6+ 39. Kh3 Qe7
40. Qd2 b6 41. Kg3 Qe5+ 42. Kh3 Bb5 43. Qd1 Ka7 44. Qb1 Kb8 45. Qd1 Bc6 46. h5
Kc7 47. Qb3 Qe7 48. h6 f5 49. g5 Qxg5 50. Qf7+ Kd6 51. Qf8+ Qe7 52. Qb8+ Kc5
53. Qf4 Qe4 54. Qc1+ Kd6 55. Qd2+ Kc7 56. Qf4+ Kb7 57. Qg5 Qg4+ 0-1

[Event "HZ Chess Tournament 2022"]
[Site "Vlissingen, Netherlands"]
[Date "2022.08.08"]
[Round "4.36"]
[White "Van Dijkhuizen, Robbert"]
[Black "Bakker, Jouke"]
[Result "1/2-1/2"]
[WhiteElo "1869"]
[BlackElo "2113"]
[PlyCount "115"]

1. d4 d5 2. c4 c6 3. Nf3 Nf6 4. Nc3 e6 5. Bg5 Nbd7 6. e3 Qa5 7. Nd2 Bb4 8. Qc2
Ne4 9. Ndxe4 dxe4 10. Bh4 O-O 11. Be2 f5 12. O-O Bxc3 13. bxc3 b6 14. Be7 Re8
15. Bb4 Qa6 16. c5 Qb7 17. cxb6 axb6 18. Bd6 c5 19. Qb3 Qc6 20. Bg3 Ba6 21. c4
Bb7 22. Rfd1 Qa4 23. dxc5 Qxb3 24. axb3 Rxa1 25. Rxa1 Nxc5 26. Ra7 Ra8 27.
Rxa8+ Bxa8 28. Bc7 Nxb3 29. Bxb6 Nc1 30. Bd1 Nd3 31. Ba4 Kf7 32. c5 Ke7 33. Kf1
Bb7 34. Bb5 Nb4 35. Ke2 Ba6 36. Bxa6 Nxa6 37. Kd2 Nb4 38. f3 exf3 39. gxf3 Kd7
40. Kc3 Nc6 41. f4 h6 42. h4 Ne7 43. Kd4 Ng6 44. h5 Ne7 45. Kd3 g6 46. hxg6
Nxg6 47. Ba5 Ne7 48. Be1 Nd5 49. Kd4 Ne7 50. Ke5 Nd5 51. e4 fxe4 52. Kxe4 Nf6+
53. Ke5 Ng4+ 54. Ke4 Kc6 55. f5 exf5+ 56. Kxf5 Kxc5 57. Kxg4 h5+ 58. Kxh5
1/2-1/2

[Event "HZ Chess Tournament 2022"]
[Site "Vlissingen, Netherlands"]
[Date "2022.08.08"]
[Round "4.37"]
[White "Gijsen, William"]
[Black "Hematyar, Fardin"]
[Result "1-0"]
[WhiteElo "2079"]
[BlackElo "1777"]
[PlyCount "57"]

1. e4 e5 2. Nc3 Nf6 3. f4 d5 4. fxe5 Nxe4 5. Qf3 Be6 6. d3 Nxc3 7. bxc3 c5 8.
Qg3 Nc6 9. Nf3 Ne7 10. d4 Nf5 11. Bb5+ Bd7 12. Bxd7+ Qxd7 13. Qf2 b6 14. O-O
Be7 15. Kh1 h5 16. Ne1 g6 17. Nd3 h4 18. Kg1 Qc6 19. Ba3 Qa4 20. Bb2 Bg5 21.
Rae1 cxd4 22. cxd4 Qd7 23. e6 fxe6 24. Ne5 Qg7 25. Nxg6 Be3 26. Rxe3 Nxe3 27.
Qf6 Qxf6 28. Rxf6 Ng4 29. Rf4 1-0

[Event "HZ Chess Tournament 2022"]
[Site "Vlissingen, Netherlands"]
[Date "2022.08.08"]
[Round "4.38"]
[White "Boeren, Jurriaan"]
[Black "Le Clercq, Maxim"]
[Result "1-0"]
[WhiteElo "1840"]
[BlackElo "2049"]
[PlyCount "49"]

1. e4 c5 2. Nf3 e6 3. d4 cxd4 4. Nxd4 Nc6 5. Nc3 Qc7 6. Be3 a6 7. Qf3 Nf6 8.
O-O-O Bb4 9. Nxc6 bxc6 10. Bd4 e5 11. Qg3 Bd6 12. Qxg7 Rg8 13. Qxf6 exd4 14.
Bc4 Rf8 15. Qxd4 Be5 16. Qd3 Rb8 17. Rhf1 a5 18. h3 Qb6 19. Bb3 d6 20. Na4 Qa7
21. f4 Ba6 22. Bc4 Bxc4 23. Qxc4 Qe3+ 24. Kb1 Bxb2 25. Qxc6+ 1-0

[Event "HZ Chess Tournament 2022"]
[Site "Vlissingen, Netherlands"]
[Date "2022.08.08"]
[Round "4.39"]
[White "Shakhverdian, William"]
[Black "Cortenbach, Stan"]
[Result "1-0"]
[WhiteElo "2046"]
[BlackElo "1743"]
[PlyCount "63"]

1. d4 f5 2. c4 e6 3. Nf3 Nf6 4. g3 Be7 5. Bg2 O-O 6. O-O d6 7. Nc3 Ne4 8. Qc2
Nxc3 9. bxc3 Nc6 10. Rd1 Qe8 11. Bf4 Bf6 12. d5 Na5 13. dxe6 Bxe6 14. c5 dxc5
15. Bxc7 Nc6 16. Bd6 Be7 17. h4 Rd8 18. Bf4 h6 19. Ne5 Nxe5 20. Bxe5 b6 21. e3
Qf7 22. Qa4 Rxd1+ 23. Rxd1 Rd8 24. Rxd8+ Bxd8 25. a3 a5 26. Qc6 Qd7 27. Qa8 Kf7
28. Bc6 Qe7 29. Qb8 Kg6 30. e4 Kh7 31. Bd6 Qf6 32. e5 1-0

[Event "HZ Chess Tournament 2022"]
[Site "Vlissingen, Netherlands"]
[Date "2022.08.08"]
[Round "4.41"]
[White "Grochal, Joey"]
[Black "Oostvogels, Niek"]
[Result "1-0"]
[WhiteElo "2290"]
[BlackElo "1913"]
[PlyCount "53"]

1. d4 d5 2. c4 c6 3. Nf3 Nf6 4. Nc3 dxc4 5. a4 Bf5 6. Ne5 Nbd7 7. Nxc4 Qc7 8.
g3 e5 9. dxe5 Nxe5 10. Bf4 Nfd7 11. Bg2 g5 12. Nxe5 gxf4 13. Nxd7 O-O-O 14. Qd4
Qxd7 15. Qxf4 Bd6 16. Qh6 Bf8 17. Qe3 Bg7 18. O-O Bd4 19. Qf4 Rhg8 20. Rad1 Rg4
21. Rxd4 Qxd4 22. Qxf5+ Kb8 23. a5 Qb4 24. a6 Rgd4 25. h3 Rd2 26. Ne4 Rxe2 27.
Qe5+ 1-0